00000000nam##2200000za#4500
0019.662804
003CaOODSP
00520210615120735
007ta
008150407|2001||||xxc|||||     f|0| 0 fre|d
020 |a0-662-65751-9
040 |aCaOODSP|bfre
041 |aeng
041 |afre
043 |an-cn---
0861 |aSC62-5/2003
1102 |aCommission de la Fonction publique du Canada.
24510|aRépertoire de cours et services, avril 2001 - mars 2003
260 |aOttawa - Ontario : |bCommission de la Fonction publique |c2001.
300 |aTexte français, xv, 168p. : |bill., tableaux ; |c28 cm.
546 |aBilingue
563 |aCouverture souple
590 |a01-35|b2001-08-31
69107|aFormation|2gcpds
69107|aÉducation|2gcpds
69107|aFonction publique|2gcpds
69107|aEnseignement|2gcpds
7760#|tDirectory of courses and services, April, 2001 - March 2003 |w(CaOODSP)9.676671
791 |tDirectory of courses and services, April, 2001 - March 2003 |eeng|w(CaOODSP)9.662803